000 00170nam a22000857a 4500
082 _a823
100 _aSINGER, KURT
245 _aTHE SECOND TARGET BOOK OF HORROR
942 _cBK
999 _c8105
_d8105